000
00289nam a22001337a 4500
008
181207b xxu||||| |||| 00| 0 eng d
020
_a
0691003300
041
_a
eng
080
_a
721
100
_a
45
101
_a
ARK
245
_a
The Tao Of Architecture
_c
Amos.ch
942
_2
udc
_c
BK
999
_c
53092
_d
53092